[Event "Titled Tuesday intern op 10th Nov"]
[Site "Chess.com INT"]
[Date "2020.11.10"]
[Round "6"]
[White "Yashas, Devappa"]
[Black "Myers, Dominique"]
[Result "1-0"]
[WhiteElo "2296"]
[BlackElo "1990"]
[PlyCount "45"]
[EventDate "2020.11.10"]
[EventType "swiss (blitz)"]
[EventRounds "11"]
[EventCountry "USA"]
[SourceTitle "CBM 199 Extra"]
[Source "ChessBase"]
[SourceDate "2021.01.31"]
[SourceVersion "1"]
[SourceVersionDate "2021.01.31"]
[SourceQuality "1"]

1. b3 e5 2. Bb2 Nc6 3. e3 Nf6 4. Bb5 Bd6 5. Na3 Na5 6. Be2 c6 7. c4 Qe7 8. Nc2 c5 9. d4 exd4 10. exd4 0-0 11. Nf3 Re8 12. d5 b6 13. Ne3 Bf4 14. Nf5 Qe4 15. Ng3 Bxg3 16. hxg3 Ba6 17. Kf1 h5 18. Bxf6 gxf6 19. Rxh5 Qg6 20. Nh4 Qe4 21. Bd3 Qd4 22. Nf5 Re1+ 23. Kxe1 1-0

[Event "Titled Tuesday intern op 03rd Nov"]
[Site "Chess.com INT"]
[Date "2020.11.03"]
[Round "5"]
[White "Grandelius, Nils"]
[Black "Yashas, Devappa"]
[Result "0-1"]
[WhiteElo "2662"]
[BlackElo "2296"]
[PlyCount "78"]
[EventDate "2020.11.03"]
[EventType "swiss (blitz)"]
[EventRounds "11"]
[EventCountry "USA"]
[SourceTitle "CBM 199 Extra"]
[Source "ChessBase"]
[SourceDate "2021.01.31"]
[SourceVersion "1"]
[SourceVersionDate "2021.01.31"]
[SourceQuality "1"]

1. Nf3 Nf6 2. g3 d5 3. Bg2 c6 4. 0-0 Nbd7 5. d4 e6 6. c4 b6 7. Nc3 a5 8. Ne5 Nxe5 9. dxe5 Nd7 10. cxd5 cxd5 11. e4 d4 12. Qxd4 Bc5 13. Qa4 0-0 14. Bf4 g5 15. Bd2 Nxe5 16. Rad1 Ba6 17. Be3 Qe7 18. Rfe1 Rad8 19. Bxc5 Qxc5 20. Qc2 h6 21. h3 Bd3 22. Qc1 Kg7 23. Re3 Ba6 24. Kh2 Nd3 25. Qc2 Nb4 26. Qb1 Nc6 27. Rc1 Rd2 28. Nd1 Qd6 29. e5 Nxe5 30. Qe4 Ng6 31. Re1 Bd3 32. Qe3 Bf5 33. Rc6 Qd7 34. Rxb6 Rxd1 35. Rxd1 Qxd1 36. g4 Bb1 37. Qc3+ e5 38. Qxa5 Qd4 39. Qa7 Nf4 0-1

[Event "Titled Tuesday intern op 27th Oct"]
[Site "Chess.com INT"]
[Date "2020.10.27"]
[Round "2"]
[White "Gordievsky, Dmitry"]
[Black "Yashas, Devappa"]
[Result "1-0"]
[WhiteElo "2559"]
[BlackElo "2296"]
[PlyCount "95"]
[EventDate "2020.10.27"]
[EventType "swiss (blitz)"]
[EventRounds "11"]
[EventCountry "USA"]
[SourceTitle "CBM 199 Extra"]
[Source "ChessBase"]
[SourceDate "2021.01.31"]
[SourceVersion "1"]
[SourceVersionDate "2021.01.31"]
[SourceQuality "1"]

1. d4 Nf6 2. c4 e6 3. Nc3 c5 4. d5 exd5 5. cxd5 d6 6. e4 g6 7. f4 Bg7 8. Bb5+ Nfd7 9. Bd3 0-0 10. Nf3 Na6 11. 0-0 Nc7 12. a4 b6 13. f5 Ba6 14. Bg5 f6 15. Bf4 Ne5 16. Bxe5 fxe5 17. g4 Bh6 18. Qe2 Bxd3 19. Qxd3 Bf4 20. Ne2 g5 21. Nxf4 gxf4 22. h4 Qd7 23. Kh2 b5 24. a5 c4 25. Qe2 Na6 26. g5 Nc5 27. Rg1 Rac8 28. Rg2 Nb3 29. Rag1 c3 30. bxc3 Rxc3 31. g6 h6 32. g7 Rf6 33. Rg6 Rxg6 34. Rxg6 Qc7 35. Rg2 Qd8 36. Ng5 hxg5 37. Qh5 Kxg7 38. Rxg5+ Qxg5 39. Qxg5+ Kf7 40. Qg6+ Kf8 41. Qxd6+ Kf7 42. Qe6+ Kf8 43. f6 Rc2+ 44. Kh3 Rc3+ 45. Kg4 Rg3+ 46. Kh5 Nd4 47. Qe7+ Kg8 48. f7+ 1-0

[Event "Titled Tuesday intern op 27th Oct"]
[Site "Chess.com INT"]
[Date "2020.10.27"]
[Round "1"]
[White "Yashas, Devappa"]
[Black "Cooper, Aaron"]
[Result "1-0"]
[WhiteElo "2296"]
[BlackElo "1904"]
[PlyCount "49"]
[EventDate "2020.10.27"]
[EventType "swiss (blitz)"]
[EventRounds "11"]
[EventCountry "USA"]
[SourceTitle "CBM 199 Extra"]
[Source "ChessBase"]
[SourceDate "2021.01.31"]
[SourceVersion "1"]
[SourceVersionDate "2021.01.31"]
[SourceQuality "1"]

1. b3 Nf6 2. Bb2 g6 3. Bxf6 exf6 4. c4 Bg7 5. Nc3 f5 6. Rc1 0-0 7. g3 d6 8. Bg2 Nc6 9. Nf3 Re8 10. d4 Bd7 11. 0-0 a6 12. e3 Rb8 13. Ne1 b5 14. cxb5 axb5 15. Nxb5 Rxb5 16. Bxc6 Bxc6 17. Rxc6 Qa8 18. Qc2 Rb7 19. Nd3 Reb8 20. Rc1 Bf6 21. Rxc7 Kg7 22. Rxb7 Rxb7 23. a4 Ra7 24. Qc6 Qb8 25. b4 1-0

[Event "Titled Tuesday intern op 13th Oct"]
[Site "Chess.com INT"]
[Date "2020.10.13"]
[Round "2"]
[White "Larina, Marija"]
[Black "Yashas, Devappa"]
[Result "0-1"]
[WhiteElo "1948"]
[BlackElo "2296"]
[PlyCount "46"]
[EventDate "2020.10.13"]
[EventType "swiss (blitz)"]
[EventRounds "10"]
[EventCountry "USA"]
[SourceTitle "CBM 198 Extra"]
[Source "ChessBase"]
[SourceDate "2020.11.30"]
[SourceVersion "1"]
[SourceVersionDate "2020.11.30"]
[SourceQuality "1"]

1. e4 d5 2. exd5 Nf6 3. d4 Nxd5 4. c4 Nb6 5. h3 g6 6. Nf3 Bg7 7. Be3 0-0 8. Be2 Nc6 9. Nc3 e5 10. d5 Ne7 11. Qd2 Nf5 12. Bc5 Re8 13. 0-0 Nd7 14. Ba3 e4 15. Nh2 Nf6 16. Ng4 Nxg4 17. Bxg4 e3 18. fxe3 Nxe3 19. Rf2 Bxg4 20. hxg4 Nxg4 21. Rf4 Qh4 22. Rc1 Qh2+ 23. Kf1 Qh1# 0-1

[Event "Titled Tuesday intern op 13th Oct"]
[Site "Chess.com INT"]
[Date "2020.10.13"]
[Round "4"]
[White "Vovk, Orest"]
[Black "Yashas, Devappa"]
[Result "0-1"]
[WhiteElo "2315"]
[BlackElo "2296"]
[PlyCount "116"]
[EventDate "2020.10.13"]
[EventType "swiss (blitz)"]
[EventRounds "10"]
[EventCountry "USA"]
[SourceTitle "CBM 198 Extra"]
[Source "ChessBase"]
[SourceDate "2020.11.30"]
[SourceVersion "1"]
[SourceVersionDate "2020.11.30"]
[SourceQuality "1"]

1. d4 Nf6 2. Bf4 b6 3. e3 Bb7 4. Nf3 d6 5. Nbd2 Nbd7 6. Be2 g6 7. 0-0 Bg7 8. a4 a6 9. h3 0-0 10. Bh2 Re8 11. c3 e5 12. dxe5 dxe5 13. Nc4 Ne4 14. Qc2 Qe7 15. Rfd1 Rad8 16. b4 Ng5 17. Nxg5 Qxg5 18. e4 Nf6 19. Bf3 Nh5 20. Rxd8 Rxd8 21. Rd1 Nf4 22. Rxd8+ Qxd8 23. Qd2 Qxd2 24. Nxd2 Kf8 25. Kf1 Ke7 26. Nb3 Bc6 27. a5 Bb5+ 28. Ke1 Nd3+ 29. Kd2 Bh6+ 30. Kc2 Ne1+ 31. Kd1 Nxf3 32. axb6 cxb6 33. gxf3 f6 34. Kc2 Kd7 35. Nd2 Bf8 36. c4 Ba4+ 37. Kc3 g5 38. Nf1 h6 39. Ne3 Bc6 40. Nd5 b5 41. c5 Bxd5 42. exd5 Kc7 43. Bg3 Kd7 44. h4 a5 45. hxg5 hxg5 46. Kb3 a4+ 47. Ka3 Be7 48. Kb2 Bd8 49. Ka3 Bc7 50. Bh2 Ke8 51. d6 Bb8 52. Bg3 Kd7 53. Bh2 Bxd6 54. cxd6 Kxd6 55. Bg3 Kd5 56. f4 exf4 57. Bh2 Ke4 58. Kb2 Kf3 0-1

[Event "Titled Tuesday intern op 06th Oct"]
[Site "Chess.com INT"]
[Date "2020.10.06"]
[Round "4"]
[White "Purtseladze, Maka"]
[Black "Yashas, Devappa"]
[Result "1-0"]
[WhiteElo "2274"]
[BlackElo "2296"]
[PlyCount "117"]
[EventDate "2020.10.06"]
[EventType "swiss (blitz)"]
[EventRounds "10"]
[EventCountry "USA"]
[SourceTitle "CBM 198 Extra"]
[Source "ChessBase"]
[SourceDate "2020.11.30"]
[SourceVersion "1"]
[SourceVersionDate "2020.11.30"]
[SourceQuality "1"]

1. Nf3 Nf6 2. c4 e6 3. g3 d5 4. b3 Be7 5. Bb2 0-0 6. Bg2 c5 7. 0-0 d4 8. e3 Nc6 9. exd4 cxd4 10. d3 e5 11. Re1 Bg4 12. h3 Bxf3 13. Bxf3 Bd6 14. Nd2 a5 15. Ne4 Nxe4 16. Bxe4 Qd7 17. Kg2 f5 18. Bd5+ Kh8 19. Kg1 Rae8 20. Qf3 e4 21. Qd1 Bb4 22. Re2 e3 23. f4 Bc3 24. Qc1 Nb4 25. Bxc3 dxc3 26. Qxc3 Nxd5 27. cxd5 Qxd5 28. Rf1 Re6 29. Qc4 Rd8 30. Qxd5 Rxd5 31. Rd1 h6 32. Kg2 g5 33. Kf3 gxf4 34. gxf4 Rc5 35. d4 Rc3 36. d5 Re8 37. d6 Kg7 38. d7 Rd8 39. Rxe3 Rxe3+ 40. Kxe3 Kf6 41. Rd5 Ke6 42. Kd4 b6 43. a4 h5 44. h4 Kf6 45. Rd6+ Ke7 46. Ke5 Kf7 47. Kxf5 Ke7 48. Ke5 Kf7 49. f5 Ke7 50. f6+ Kf7 51. Rd5 Kf8 52. Ke6 b5 53. Rxb5 Ra8 54. Rd5 Rd8 55. Rxh5 Kg8 56. f7+ Kg7 57. Ke7 Rf8 58. Rg5+ Kh6 59. Kxf8 1-0

[Event "Titled Tuesday intern op 06th Oct"]
[Site "Chess.com INT"]
[Date "2020.10.06"]
[Round "5"]
[White "Yashas, Devappa"]
[Black "Popov, Denis"]
[Result "0-1"]
[WhiteElo "2296"]
[BlackElo "2256"]
[PlyCount "92"]
[EventDate "2020.10.06"]
[EventType "swiss (blitz)"]
[EventRounds "10"]
[EventCountry "USA"]
[SourceTitle "CBM 198 Extra"]
[Source "ChessBase"]
[SourceDate "2020.11.30"]
[SourceVersion "1"]
[SourceVersionDate "2020.11.30"]
[SourceQuality "1"]

1. b3 Nf6 2. Bb2 g6 3. Bxf6 exf6 4. c4 Bg7 5. Nc3 0-0 6. g3 c6 7. Bg2 f5 8. Rc1 d6 9. e3 Nd7 10. d4 Nf6 11. Nf3 Re8 12. 0-0 Ne4 13. b4 a6 14. Qd3 Qe7 15. a4 Bd7 16. Rfe1 Bf6 17. Nd2 Nxc3 18. Rxc3 Kg7 19. Nb3 Rad8 20. Rcc1 Bc8 21. b5 Qc7 22. h4 h6 23. Qd2 g5 24. hxg5 hxg5 25. Qa5 b6 26. Qd2 c5 27. Bc6 Rh8 28. Kg2 Bb7 29. d5 Bc8 30. a5 Rh6 31. Rh1 Rdh8 32. Rxh6 Rxh6 33. axb6 Qxb6 34. Qa5 Qa7 35. b6 Qe7 36. Nd2 f4 37. exf4 gxf4 38. Qa3 Bd4 39. Qf3 fxg3 40. Ne4 Bh3+ 41. Kg1 gxf2+ 42. Nxf2 Qg5+ 43. Kh2 Bc8+ 44. Nh3 Rxh3+ 45. Qxh3 Bxh3 46. Kxh3 Qxc1 0-1

[Event "Titled Tuesday intern op 08th Sept"]
[Site "Chess.com INT"]
[Date "2020.09.08"]
[Round "8"]
[White "Jakubowska, Anna"]
[Black "Yashas, Devappa"]
[Result "1-0"]
[WhiteElo "2073"]
[BlackElo "2280"]
[PlyCount "81"]
[EventDate "2020.09.08"]
[EventType "swiss (blitz)"]
[EventRounds "10"]
[EventCountry "USA"]
[SourceTitle "CBM 198 Extra"]
[Source "ChessBase"]
[SourceDate "2020.11.30"]
[SourceVersion "1"]
[SourceVersionDate "2020.11.30"]
[SourceQuality "1"]

1. e4 d5 2. exd5 Nf6 3. d4 Bg4 4. Be2 Bxe2 5. Nxe2 Qxd5 6. 0-0 Nc6 7. b3 e6 8. c4 Qf5 9. Nbc3 0-0-0 10. h3 g5 11. Ng3 Qg6 12. Be3 h5 13. d5 h4 14. Nge2 exd5 15. cxd5 Nb4 16. Bxa7 Nfxd5 17. Nxd5 Rxd5 18. Qc1 Bg7 19. Rb1 Rhd8 20. Bc5 Nd3 21. Qa3 Nxc5 22. Nc3 Na6 23. Nxd5 Rxd5 24. Rfe1 Rd8 25. Rbc1 Qd6 26. Qa5 Qd5 27. Qa4 Bf8 28. Qg4+ Kb8 29. Red1 f5 30. Rxd5 Rxd5 31. Qxg5 Ka7 32. Qxh4 Bc5 33. Qc4 Rd2 34. Rf1 Rxa2 35. h4 Rd2 36. h5 Rd4 37. Qc3 Rh4 38. Qf3 Nb4 39. Qxf5 Bd6 40. g3 Rf4 41. gxf4 1-0